000 003280000a22001450004500
005 20120302065113.0
942 _cBOOK
100 _a
_a
_b
_c
245 _a Akkamahadevinchi Vachan Sumane
260 _aBelgaon:Shree.Shreeshail Somling Dodmani
300 _a190p
040 _aMar
365 _b100/-
650 _aSantavangmay
999 _c363901
_d363898